NFL Miami Dolphins 2022-2023 Active Roster - Statistics

General Stats
  • This quiz has been taken 400 times
  • The average score is 19 of 59
Answer Stats
Hint Answer % Correct
QB Tua Tagovailoa
99%
WR Tyreek Hill
87%
WR Jaylen Waddle
84%
QB Teddy Bridgewater
72%
QB Skylar Thompson
71%
TE Mike Gesicki
64%
CB Xavien Howard
62%
WR Cedrick Wilson Jr.
60%
T Terron Armstead
52%
SS Brandon Jones
50%
CB Byron Jones
49%
RB Myles Gaskin
49%
G Robert Jones
49%
K Jason Sanders
48%
FS Jevon Holland
47%
FB Alec Ingold
43%
DE Christian Wilkins
43%
TE Durham Smythe
40%
LB Jaelen Phillips
39%
G Robert Hunt
39%
LB Jerome Baker
38%
RB Chase Edmonds
37%
C Connor Williams
35%
RB Salvon Ahmed
35%
CB Trill Williams
35%
LB Andrew Van Ginkel
30%
T Austin Jackson
30%
DE Emmanuel Ogbah
28%
WR River Cracraft
27%
TE Hunter Long
26%
G Liam Eichenberg
26%
WR Trent Sherfield
25%
NT Raekwon Davis
24%
DE Zach Sieler
23%
CB Kader Kohou
22%
SS Eric Rowe
21%
LS Blake Ferguson
20%
LB Elandon Roberts
19%
CB Nik Needham
19%
LB Duke Riley
17%
WR Erik Ezukanma
17%
LB Melvin Ingram
17%
CB Noah Igbinoghene
17%
LB Channing Tindall
13%
RB Raheem Mostart
13%
T Greg Little
12%
TE Cethan Carter
11%
NT John Jenkins
11%
CB Keion Crossen
11%
P Thomas Morestead
11%
FS Elijah Campbell
10%
CB Justin Bethel
10%
C Michael Deiter
9%
LB Sam Eguavoen
7%
FB John Lovett
6%
LB Trey Flowers
6%
SS Clayton Fejedelem
4%
T Larnel Coleman
3%
LB Calvin Munson
1%
No matching quizzes found
Score Distribution
Percent of People with Each Score
Percentile by Number Answered
Your Score History
You have not taken this quiz